书目信息 |
| 题名: |
科技德语阅读教程
|
|
| 作者: | 叶苏 , 陈琦 主编 | |
| 分册: | ||
| 出版信息: | 上海 同济大学出版社 2018.09 |
|
| 页数: | 244页 | |
| 开本: | 26cm | |
| 丛书名: | ||
| 单 册: | ||
| 中图分类: | N43 , G301 | |
| 科图分类: | ||
| 主题词: | 科学技术--德语--阅读教学--教材 , 科学研究--理论 | |
| 电子资源: | ||
| ISBN: | 978-7-5608-8149-2 | |
| 000 | 01213nam0 2200301 450 | |
| 001 | 0120182642082 | |
| 005 | 20201117094248.60 | |
| 010 | @a978-7-5608-8149-2@dCNY59.00 | |
| 100 | @a20181219d2018 em y0chiy50 ea | |
| 101 | 0 | @achi@ager |
| 102 | @aCN@b310000 | |
| 105 | @aak z 000yy | |
| 106 | @ar | |
| 200 | 1 | @a科技德语阅读教程@9ke ji de yu yue du jiao cheng@f叶苏,陈琦主编 |
| 210 | @a上海@c同济大学出版社@d2018.09 | |
| 215 | @a244页@c图@d26cm | |
| 312 | @a封面德文题名:Lekture Von Wissenschaftlichen Und Technischen Fachtexten | |
| 330 | @a本教材选材广泛,所选文章力求选题真实、语言规范,注重常用句型和新词。各个主题以科技内容为主,选文涉及多种自然学科包括信息技术、生态环境、能源经济、医疗健康、机器人与新材料、航天技术等,并介绍科技领域一些近期新动态及成就,力求遵循内容广泛、知识性和趣味性并重的原则,以适应不同学生的共同使用。 | |
| 333 | @a德语学习者 | |
| 510 | 1 | @aLekture Von Wissenschaftlichen Und Technischen Fachtexten@zger |
| 606 | 0 | @a科学技术@x德语@x阅读教学@j教材 |
| 606 | 0 | @a科学研究@x理论 |
| 690 | @aN43@v5 | |
| 690 | @aG301@v4 | |
| 701 | 0 | @a叶苏@9ye su@4主编 |
| 701 | 0 | @a陈琦@9chen qi@4主编 |
| 801 | 0 | @aCN@b人天书店@c20181219 |
| 905 | @b1285419-22@dG301@e304@f4 | |
| 科技德语阅读教程/叶苏,陈琦主编.-上海:同济大学出版社,2018.09 |
| 244页:图;26cm |
| 使用对象:德语学习者 |
| ISBN 978-7-5608-8149-2:CNY59.00 |
| 本教材选材广泛,所选文章力求选题真实、语言规范,注重常用句型和新词。各个主题以科技内容为主,选文涉及多种自然学科包括信息技术、生态环境、能源经济、医疗健康、机器人与新材料、航天技术等,并介绍科技领域一些近期新动态及成就,力求遵循内容广泛、知识性和趣味性并重的原则,以适应不同学生的共同使用。 |
| ● |
| 相关链接 |
|
|
|
|
正题名:科技德语阅读教程
索取号:G301/304
 
预约/预借
| 序号 | 登录号 | 条形码 | 馆藏地/架位号 | 状态 | 备注 |
| 1 | 1285419 | 212854197 | 第一样本阅览室/ [索取号:G301/304] | 在馆 | |
| 2 | 1285420 | 212854204 | 第四借阅区/ [索取号:G301/304] | 在馆 | |
| 3 | 1285421 | 212854213 | 第四借阅区/ [索取号:G301/304] | 在馆 | |
| 4 | 1285422 | 212854222 | 第四借阅区/ [索取号:G301/304] | 在馆 |